| 000 | 00390 a2200157 4500 | ||
|---|---|---|---|
| 020 | _a8170296099 | ||
| 082 | _a004.67803 | ||
| 090 |
_c4525 _d4525 |
||
| 100 | _aCrumlish,Christian | ||
| 245 |
_aThe Internet Dictionary _cChristian Crumlish |
||
| 250 | _a1st | ||
| 260 |
_aNew Delhi _bBPB Publications _c1995 |
||
| 300 | _a226p | ||
| 500 | _aPaper cover | ||
| 942 |
_aNBS _cBK _k004.67803 CRU |
||
| 999 |
_c346968 _d346968 |
||